[Event "Andorra Open"]
[Site "La Massana AND"]
[Date "2010.07.19"]
[Round "3"]
[White "Balogh,C"]
[Black "Zilberman,Y"]
[Result "1/2-1/2"]
[WhiteElo "2628"]
[BlackElo "2441"]
[EventDate "2010.07.17"]

1. e4 e5 2. Nf3 Nc6 3. Bb5 a6 4. Bxc6 dxc6 5. O-O f6 6. d4 exd4 7. Nxd4 c5
8. Ne2 Qxd1 9. Rxd1 Bd7 10. Nbc3 O-O-O 11. Be3 Re8 12. f3 Bc6 13. Kf2 b6
14. Nf4 Nh6 15. a4 Nf7 16. a5 Kb7 17. Na4 Bxa4 18. Rxa4 b5 19. Raa1 c4 20.
g4 Bd6 21. h4 Ne5 22. h5 Rhf8 23. Nd5 Rf7 24. Kg2 Nc6 25. Bf4 Be5 26. c3
Kc8 27. Bg3 Bxg3 28. Kxg3 Ne5 29. Rd2 Rd7 30. Rad1 Re6 31. Nb4 Rxd2 32.
Rxd2 Nd7 33. Kf4 g6 34. hxg6 hxg6 35. g5 Nc5 36. gxf6 Rxf6+ 37. Ke3 Nb3 38.
Rd1 Re6 39. f4 c5 40. Nd5 Nxa5 41. Rh1 Rd6 42. Rh8+ Kd7 43. Rh7+ Kd8 44.
Rh8+ Kd7 45. Rh7+ Kd8 46. Rh8+ 1/2-1/2

[Event "Andorra Open"]
[Site "La Massana AND"]
[Date "2010.07.19"]
[Round "3"]
[White "Panelo,M"]
[Black "Edouard,R"]
[Result "0-1"]
[WhiteElo "2450"]
[BlackElo "2620"]
[EventDate "2010.07.17"]

1. d4 Nf6 2. c4 e6 3. g3 d5 4. Nf3 dxc4 5. Bg2 a6 6. Ne5 Bb4+ 7. Nc3 Nd5 8.
Bd2 Nb6 9. e3 N8d7 10. Nxd7 Qxd7 11. Ne4 Bxd2+ 12. Qxd2 Qe7 13. f4 O-O 14.
Rc1 f6 15. O-O Rd8 16. Qe2 Rb8 17. Nd2 Bd7 18. Qh5 Be8 19. Qg4 c5 20. Nxc4
Nxc4 21. Rxc4 Bb5 22. Rxc5 Bxf1 23. Bxf1 Rbc8 24. Bc4 Rxc5 25. dxc5 Qxc5
26. Qxe6+ Kh8 27. Kf2 h6 28. a4 Qh5 29. h3 Qd1 30. Be2 Qxa4 31. Qb6 Qd7 32.
g4 Rc8 33. Qb3 Qc6 34. Kg3 b5 35. Bf3 Qc4 36. Qa3 Qc1 37. Qxa6 Qe1+ 38. Kh2
Re8 39. Qxb5 Qf2+ 40. Bg2 Rxe3 41. Qb8+ Kh7 42. f5 Re1 0-1

[Event "Andorra Open"]
[Site "La Massana AND"]
[Date "2010.07.19"]
[Round "3"]
[White "Hamdouchi,H"]
[Black "Konguvel,P"]
[Result "1-0"]
[WhiteElo "2600"]
[BlackElo "2416"]
[EventDate "2010.07.17"]

1. e4 c5 2. Nf3 d6 3. d4 cxd4 4. Nxd4 Nf6 5. Nc3 g6 6. Be2 Bg7 7. Be3 Nc6
8. Qd2 O-O 9. O-O-O Nxd4 10. Bxd4 Be6 11. h4 Qa5 12. Qg5 Qxg5+ 13. hxg5 Ng4
14. Bxg4 Bxg4 15. f3 Be6 16. Nd5 Bxd5 17. exd5 Rfc8 18. Bf2 Rc7 19. Rh4
Rac8 20. c3 Rc4 21. Rxc4 Rxc4 22. Re1 Kf8 23. Bxa7 Ra4 24. Bb6 Rxa2 25. Re4
f5 26. Rb4 Ra1+ 27. Kd2 h6 28. gxh6 Bxh6+ 29. Ke2 Bg7 30. g4 fxg4 31. fxg4
Be5 32. Kd2 Bg3 33. Be3 Be1+ 34. Ke2 Bg3 35. Rxb7 Ra5 36. c4 Be5 37. Kd3
Ra1 38. Bg5 Rg1 39. Bxe7+ Ke8 40. g5 Bxb2 41. Bxd6 Ba1 42. Bf4 Rd1+ 43. Bd2
Bd4 44. Ke2 Rg1 45. Be3 1-0

[Event "Andorra Open"]
[Site "La Massana AND"]
[Date "2010.07.19"]
[Round "3"]
[White "Philippe,C"]
[Black "Spraggett,K"]
[Result "0-1"]
[WhiteElo "2431"]
[BlackElo "2575"]
[EventDate "2010.07.17"]

1. e4 d6 2. d4 Nf6 3. Nc3 g6 4. Be3 c6 5. Qd2 Nbd7 6. Nf3 e5 7. h3 Qe7 8.
O-O-O Bg7 9. Bh6 O-O 10. Bd3 Re8 11. Bxg7 Kxg7 12. g4 b5 13. dxe5 dxe5 14.
Ne2 Nc5 15. Ng3 Nfd7 16. h4 Nf8 17. h5 Bxg4 18. hxg6 fxg6 19. Rdg1 Kh8 20.
Ng5 Nce6 21. Nxe6 Bxe6 22. f4 exf4 23. Qxf4 Bg8 24. Ne2 Qe5 25. Qd2 Rad8
26. Qe3 Rd7 27. Rg5 Qg7 28. Nf4 Re5 29. Rg2 Rd6 30. Rf2 Ne6 31. Rhf1 Nxf4
32. Rxf4 Rde6 33. a3 Re8 34. c3 Qd7 35. Rf6 R5e6 36. Qf3 a5 37. Bc2 Qg7 38.
Rf4 Re5 39. Rf6 c5 40. Kb1 a4 41. Rd1 R5e6 42. Rf4 Rb6 43. Qf2 Qe5 44. Rd7
Rd6 45. Rb7 Qe6 46. Rf8 Qa2+ 47. Kc1 Qa1+ 48. Bb1 Rd1+ 49. Kxd1 Qxb1+ 50.
Kd2 Qxb2+ 51. Ke1 Qc1+ 52. Ke2 Rxe4+ 53. Kd3 Qb1+ 54. Kd2 Qa2+ 55. Kd1 Qd5+
56. Kc1 Qxb7 0-1

[Event "Andorra Open"]
[Site "La Massana AND"]
[Date "2010.07.19"]
[Round "3"]
[White "Almeida Quintana,O"]
[Black "Gagarin,V"]
[Result "0-1"]
[WhiteElo "2559"]
[BlackElo "2403"]
[EventDate "2010.07.17"]

1. d4 d5 2. c4 c6 3. Nf3 Nf6 4. Nc3 e6 5. Bg5 h6 6. Bh4 dxc4 7. e4 g5 8.
Bg3 b5 9. Ne5 Bb4 10. a3 Ba5 11. Be2 Nxe4 12. Bh5 Nxc3 13. bxc3 Bxc3+ 14.
Kf1 O-O 15. Bxf7+ Rxf7 16. Nxf7 Qxd4 17. Ne5 Nd7 18. Nxc6 Qd3+ 19. Qxd3
cxd3 20. Rd1 d2 21. Ne7+ Kf7 22. Nxc8 Rxc8 23. h4 Nf6 24. hxg5 hxg5 25. Ke2
a5 26. Rb1 b4 27. axb4 axb4 28. Bd6 Rc4 29. f3 e5 30. Bb8 Nd5 31. g3 g4 32.
Rh4 gxf3+ 33. Kxf3 Rxh4 34. gxh4 Bd4 35. Rd1 b3 36. Rxd2 b2 37. Rd1 e4+ 38.
Kg3 Nc3 39. Rf1+ Ke6 40. Kg4 Be3 41. Bf4 Bxf4 42. Kxf4 Kd5 43. Ke3 b1=Q 44.
Rxb1 Nxb1 45. Kf4 Nd2 46. h5 Nc4 47. h6 Nd6 48. h7 Nf7 49. Kf5 e3 50. Kf6
Nh8 51. Kg7 e2 52. Kxh8 e1=Q 53. Kg8 Qe8+ 54. Kg7 Qe7+ 55. Kg8 Ke6 0-1

[Event "Andorra Open"]
[Site "La Massana AND"]
[Date "2010.07.19"]
[Round "3"]
[White "Vehi Bach,V"]
[Black "Paunovic,D"]
[Result "1/2-1/2"]
[WhiteElo "2405"]
[BlackElo "2553"]
[EventDate "2010.07.17"]

1. e4 c5 2. Nf3 e6 3. d4 cxd4 4. Nxd4 a6 5. Bd3 d6 6. O-O g6 7. c4 Bg7 8.
Nf3 Nd7 9. Nc3 Qc7 10. Bf4 Bxc3 11. bxc3 e5 12. Be3 Ngf6 13. Nd2 Nc5 14.
Qe2 Ng4 15. Bg5 h6 16. Bh4 g5 17. Bg3 Nf6 18. Rfd1 Be6 19. Bc2 Qc6 20. Rab1
Ke7 21. Rb4 a5 22. Rb5 Bd7 23. Rdb1 Qc7 24. Rb6 Be6 25. f3 Nh5 26. Nf1 Nxg3
27. hxg3 Bd7 28. Ne3 Be6 29. f4 gxf4 30. gxf4 f6 31. Nf5+ Bxf5 32. exf5 Ra6
33. R6b5 Kd8 34. fxe5 dxe5 35. Be4 Kc8 36. Bd5 Rd6 37. Bxb7+ Nxb7 38. Rxb7
Qxb7 39. Rxb7 Kxb7 40. c5 Rc6 41. Qb5+ Kc7 42. Qxa5+ Kb7 43. Qb4+ Kc7 44.
Qg4 Rh7 45. Qg8 Rd7 46. Qf8 h5 47. Kh2 Rd5 48. Qf7+ Rd7 49. Qf8 Rd5 50.
Qf7+ 1/2-1/2

[Event "Andorra Open"]
[Site "La Massana AND"]
[Date "2010.07.19"]
[Round "3"]
[White "Alsina Leal,D"]
[Black "Berkovich,M"]
[Result "1/2-1/2"]
[WhiteElo "2546"]
[BlackElo "2397"]
[EventDate "2010.07.17"]

1. e4 e5 2. Nf3 d6 3. d4 exd4 4. Nxd4 Nf6 5. Nc3 Be7 6. Nde2 c6 7. g3 O-O
8. Bg2 Nbd7 9. a4 Re8 10. O-O Bf8 11. Re1 Nc5 12. Nd4 Bg4 13. Qd2 d5 14.
exd5 cxd5 15. Rxe8 Qxe8 16. f3 Bd7 17. b3 Ne6 18. Nce2 Nxd4 19. Nxd4 Qe5
20. Bb2 Re8 21. Kf2 Qh5 22. Kg1 Qe5 23. Kf2 Qh5 24. Kg1 1/2-1/2

[Event "Andorra Open"]
[Site "La Massana AND"]
[Date "2010.07.19"]
[Round "3"]
[White "Cori T.,D"]
[Black "Kogan,Ar"]
[Result "0-1"]
[WhiteElo "2403"]
[BlackElo "2541"]
[EventDate "2010.07.17"]

1. d4 e6 2. Nf3 c5 3. e3 b6 4. Bd3 Bb7 5. b3 g6 6. Bb2 Bg7 7. O-O Ne7 8.
Nbd2 O-O 9. Re1 Nbc6 10. c3 d5 11. Qe2 Rc8 12. Rac1 Re8 13. Red1 Qc7 14. e4
dxe4 15. Nxe4 cxd4 16. cxd4 Qf4 17. Qe3 Qxe3 18. fxe3 Nf5 19. Kf2 Nb4 20.
Ke2 Nd5 21. Rxc8 Rxc8 22. Bc1 Bh6 23. Rg1 Nfxe3 24. Bxe3 Bxe3 25. Re1 Bh6
26. g3 Nb4 27. Ne5 Nc2 28. Nd6 Nxe1 29. Nxc8 Nxd3 0-1

[Event "Andorra Open"]
[Site "La Massana AND"]
[Date "2010.07.19"]
[Round "3"]
[White "Narciso Dublan,M"]
[Black "Mogranzini,R"]
[Result "1/2-1/2"]
[WhiteElo "2540"]
[BlackElo "2387"]
[EventDate "2010.07.17"]

1. d4 Nf6 2. c4 g6 3. Nc3 d5 4. e3 Bg7 5. cxd5 Nxd5 6. Nxd5 Qxd5 7. Ne2 c6
8. Nc3 Qd6 9. Be2 Nd7 10. O-O O-O 11. f4 Nb6 12. Bd2 Bf5 13. g4 Be6 14. Ne4
Qc7 15. Rc1 Rad8 16. Nc5 Bd5 17. Ba5 f5 18. Bf3 Qc8 19. Qe2 Rd6 20. Bxb6
axb6 21. Bxd5+ Rxd5 22. Na4 Qe6 23. Nc3 Rdd8 24. g5 c5 25. dxc5 bxc5 26.
Rfd1 b6 27. Kf2 Bxc3 28. bxc3 Ra8 29. Rc2 Rfd8 30. Rxd8+ Rxd8 31. Rd2 Rxd2
1/2-1/2

[Event "Andorra Open"]
[Site "La Massana AND"]
[Date "2010.07.19"]
[Round "3"]
[White "Demuth,A"]
[Black "Arizmendi Martinez,J"]
[Result "0-1"]
[WhiteElo "2394"]
[BlackElo "2532"]
[EventDate "2010.07.17"]

1. d4 d5 2. c4 c6 3. Nf3 Nf6 4. Qb3 dxc4 5. Qxc4 Bg4 6. Nc3 Nbd7 7. e4 Bxf3
8. gxf3 e5 9. Be3 exd4 10. Bxd4 Bd6 11. O-O-O Qc7 12. Kb1 O-O 13. h4 Nh5
14. Bxg7 Nxg7 15. Qd4 Be5 16. Qxd7 Qb6 17. Qd2 Rad8 18. Bd3 Ne6 19. Na4 Qd4
20. Qc2 Qb4 21. Qb3 Qe7 22. Qc2 b5 23. Nc3 Qf6 24. Ne2 Qxf3 25. Ng3 Nf4 26.
Be2 Qxf2 27. Rhg1 Rxd1+ 28. Qxd1 Kh8 29. Qf1 Qd4 30. Qc1 Rg8 31. Rd1 Qf2
0-1

[Event "Andorra Open"]
[Site "La Massana AND"]
[Date "2010.07.19"]
[Round "3"]
[White "De la Riva Aguado,O"]
[Black "Fierro Baquero,M"]
[Result "1/2-1/2"]
[WhiteElo "2532"]
[BlackElo "2372"]
[EventDate "2010.07.17"]

1. e4 c5 2. Nf3 g6 3. d4 cxd4 4. Nxd4 Nc6 5. Nc3 Bg7 6. Be3 Nf6 7. Bc4 O-O
8. Bb3 d6 9. f3 Bd7 10. Qd2 Nxd4 11. Bxd4 b5 12. O-O b4 13. Nd5 Nxd5 14.
exd5 Bxd4+ 15. Qxd4 a5 16. a4 bxa3 17. Rxa3 Rb8 18. Bc4 1/2-1/2

[Event "Andorra Open"]
[Site "La Massana AND"]
[Date "2010.07.19"]
[Round "3"]
[White "Benitah,Y"]
[Black "Cori,J"]
[Result "1/2-1/2"]
[WhiteElo "2382"]
[BlackElo "2486"]
[EventDate "2010.07.17"]

1. d4 d5 2. c4 c6 3. Nf3 Nf6 4. Nc3 a6 5. cxd5 cxd5 6. Bf4 Nc6 7. e3 Bg4 8.
Be2 e6 9. Qb3 Bxf3 10. gxf3 Bb4 11. Rc1 Nh5 12. Bg3 O-O 13. a3 Be7 14. f4
Na5 15. Qc2 Nf6 16. f5 Rc8 17. O-O Nc4 18. Bd3 exf5 19. Bxf5 Rc6 20. Qe2
Re8 21. Bh3 Bf8 22. Bh4 h6 23. Bg2 Nb6 24. Na2 Rce6 25. Rc2 Bd6 26. Rfc1 g5
27. Bg3 Kg7 28. Bh3 R6e7 29. Nc3 Bxg3 30. hxg3 Qd6 31. Qf3 Nc4 32. Bg2 Nb6
33. Qf5 Qe6 34. Qxe6 fxe6 35. Na2 h5 36. b3 Nbd7 37. Rc7 Nb8 38. Nb4 a5 39.
Nd3 Nc6 40. Rxe7+ Rxe7 41. Nc5 Nd8 42. Na4 Ne8 43. Rc8 Nc6 44. Nc5 Nd6 45.
Ra8 Nb5 46. a4 Nd6 47. Bf3 g4 48. Bg2 Nb4 49. Rd8 Nf7 50. Rb8 Nd6 51. Bf1
Nc6 52. Ra8 e5 53. dxe5 Nxe5 54. Nd3 Nf3+ 55. Kg2 b6 56. Rd8 Ne4 57. Be2
Nfd2 58. Nf4 Nf6 59. Bd1 Nde4 60. Nxd5 Nxd5 61. Rxd5 Rf7 62. f4 Nf6 63.
Rg5+ Kf8 64. Rf5 Kg7 65. Rg5+ Kf8 1/2-1/2

[Event "Andorra Open"]
[Site "La Massana AND"]
[Date "2010.07.19"]
[Round "3"]
[White "Pavlovic,Milo2"]
[Black "Shiven,K"]
[Result "1/2-1/2"]
[WhiteElo "2483"]
[BlackElo "2335"]
[EventDate "2010.07.17"]

1. e4 c5 2. Nf3 d6 3. d4 cxd4 4. Nxd4 Nf6 5. Nc3 Nc6 6. Bg5 e6 7. Qd2 Qb6
8. Bxf6 gxf6 9. Nb3 a6 10. O-O-O Bd7 11. f4 O-O-O 12. Be2 Rg8 13. Bh5 Rg7
14. Kb1 Kb8 15. g4 Rc8 16. Rhf1 Na5 17. Nxa5 Qxa5 18. f5 Qe5 19. Rfe1 Rc4
20. Re3 Bc8 21. Rd3 Rc7 22. Re1 Rg8 23. a3 Ka8 24. Na4 Ka7 25. Qf2+ Kb8 26.
Nb6 Bh6 27. Rf3 Qb5 28. Rd1 Qe5 29. Re1 Qb5 30. Rb3 Qe5 31. Rb4 Qf4 32. Qe2
Qd2 33. Rc4 Qxe2 34. Rxe2 Rg7 35. Nxc8 Kxc8 36. Rxc7+ Kxc7 37. c3 Bf4 38.
Kc2 Kd7 39. Kd3 Ke7 40. a4 Rg8 1/2-1/2

[Event "Andorra Open"]
[Site "La Massana AND"]
[Date "2010.07.19"]
[Round "3"]
[White "Vernay,C"]
[Black "Hendrix,J"]
[Result "1-0"]
[WhiteElo "2470"]
[BlackElo "1741"]
[EventDate "2010.07.17"]

1. d4 Nf6 2. c4 c5 3. d5 b5 4. Qc2 g6 5. e4 d6 6. cxb5 a6 7. Nc3 Bg7 8. Nf3
Nbd7 9. h3 O-O 10. a4 axb5 11. Nxb5 Ba6 12. Be2 Qb8 13. O-O Rc8 14. Be3 Ne8
15. Bg5 Nef6 16. Rfe1 h6 17. Bd2 Ne8 18. Bc3 Nc7 19. Nxc7 Qxc7 20. Bxa6
Rxa6 21. b3 Rca8 22. Bxg7 Kxg7 23. Qc3+ f6 24. Nd4 Nf8 25. Kh2 Qb7 26. Nc6
Nd7 27. b4 Nb6 28. a5 Nc8 29. e5 Rxc6 30. dxc6 Qxc6 31. exf6+ exf6 32. Re6
1-0

[Event "Andorra Open"]
[Site "La Massana AND"]
[Date "2010.07.19"]
[Round "3"]
[White "Loeffler,M"]
[Black "Shytaj,L"]
[Result "0-1"]
[WhiteElo "2355"]
[BlackElo "2466"]
[EventDate "2010.07.17"]

1. e4 c5 2. Nf3 d6 3. d4 cxd4 4. Nxd4 Nf6 5. Nc3 a6 6. Bc4 e6 7. Bb3 b5 8.
Bg5 Be7 9. Qf3 Qc7 10. O-O-O Nbd7 11. e5 Bb7 12. Qg3 Nxe5 13. Bxe6 fxe6 14.
f4 Bc8 15. fxe5 dxe5 16. Bxf6 gxf6 17. Nf3 Rf8 18. Qh3 Rf7 19. Rhf1 b4 20.
Ng5 bxc3 21. Qh5 Bc5 22. Rxf6 Be3+ 23. Kb1 Bxg5 24. Qxg5 Qe7 25. Rdf1 Rxf6
26. Rxf6 Qd6 27. Qg8+ Kd7 28. Qxh7+ Kc6 29. Qe4+ Qd5 30. Qa4+ Qb5 31. Qe4+
Kd6 32. b3 Bb7 33. Qh4 Qc5 34. Rf1 Bd5 35. Qg3 a5 36. Re1 Qd4 37. h4 a4 38.
Qe3 axb3 39. axb3 Qb4 40. Qxe5+ Kc6 0-1

[Event "Andorra Open"]
[Site "La Massana AND"]
[Date "2010.07.19"]
[Round "3"]
[White "Hernandez Gallardo,F"]
[Black "Gonzalez Vidal,Y"]
[Result "0-1"]
[WhiteElo "2332"]
[BlackElo "2522"]
[EventDate "2010.07.17"]

1. e4 c5 2. Nf3 d6 3. d4 cxd4 4. Nxd4 Nf6 5. Nc3 g6 6. Bc4 Bg7 7. h3 O-O 8.
Bb3 Nc6 9. Be3 Na5 10. O-O Bd7 11. f4 Nxb3 12. axb3 e5 13. Nf3 exf4 14.
Bxf4 Qb6+ 15. Kh2 Bc6 16. Qd3 Rfe8 17. Rae1 Rad8 18. Bg5 Rc8 19. Nd2 Qc5
20. Bf4 Rcd8 21. Nf3 d5 22. e5 Ne4 23. Ne2 Bb5 24. c4 Bc6 25. Ned4 dxc4 26.
Qxc4 Bd5 27. Qa4 Qb6 28. Rd1 Nc5 29. Qb5 Qxb5 30. Nxb5 Bxf3 31. Rxd8 Rxd8
32. Rxf3 Nd3 33. Bg3 a6 34. e6 fxe6 35. Nc7 Ne5 36. Re3 Nc6 37. Rxe6 Bxb2
38. b4 Kf7 39. Re2 Bf6 40. b5 axb5 41. Rf2 Ke7 42. Nxb5 Be5 43. Re2 Rd5 44.
Nc3 Ra5 45. Bxe5 Rxe5 46. Rb2 Na5 47. Nb5 Kd7 48. Kg3 Rd5 49. Kf4 Nc4 50.
Rb4 Rf5+ 51. Kg3 Rc5 52. Nc3 Nd6 53. Ne2 b5 54. Kf4 Ke6 55. Ke3 Re5+ 56.
Kd3 Kd5 57. Rh4 Re7 58. Nc3+ Kc5 59. Rd4 Re5 60. Rh4 h5 61. g4 b4 62. gxh5
gxh5 63. Nb1 Rd5+ 64. Kc2 Nf5 65. Rf4 Nd4+ 66. Kb2 Rg5 67. Rf2 Rg3 68. Rh2
Rb3+ 69. Kc1 Re3 70. h4 b3 71. Rg2 Re5 72. Kb2 Kb4 73. Nd2 Ra5 74. Nxb3 0-1

[Event "Andorra Open"]
[Site "La Massana AND"]
[Date "2010.07.20"]
[Round "4"]
[White "Shytaj,L"]
[Black "Bruzon Batista,L"]
[Result "1/2-1/2"]
[WhiteElo "2466"]
[BlackElo "2653"]
[EventDate "2010.07.17"]

1. e4 e5 2. Nf3 Nc6 3. d4 exd4 4. Nxd4 Bc5 5. Be3 Qf6 6. c3 Nge7 7. Bc4 O-O
8. O-O Bb6 9. Bb3 Na5 10. Bc2 Nc4 11. Bc1 Nc6 12. Nxc6 dxc6 13. Qd3 Be6 14.
Qg3 Qg6 15. Nd2 Qxg3 16. hxg3 Ne5 17. Nf3 Ng4 18. Nd4 Rad8 19. f3 Ne5 20.
Rd1 Rfe8 1/2-1/2

[Event "Andorra Open"]
[Site "La Massana AND"]
[Date "2010.07.20"]
[Round "4"]
[White "Edouard,R"]
[Black "Ipatov,A ESP"]
[Result "1-0"]
[WhiteElo "2620"]
[BlackElo "2507"]
[EventDate "2010.07.17"]

1. e4 e5 2. Nf3 Nf6 3. Nxe5 Nxe4 4. Qe2 Qe7 5. Qxe4 d6 6. f4 dxe5 7. fxe5
f6 8. d4 fxe5 9. dxe5 Qb4+ 10. Nc3 Be6 11. Bd2 Nc6 12. Bb5 Qxe4+ 13. Nxe4
O-O-O 14. Ng5 Bd5 15. e6 Re8 16. O-O-O h6 17. Nf7 Rg8 18. Ne5 Bd6 19. Bc3
Bxe5 20. Bxe5 Bxg2 21. Rhe1 a6 22. Bc4 Nxe5 23. Rxe5 Re7 24. Rg1 Bc6 25.
Rf5 Kd8 26. h4 Ke8 27. Kd2 Rf8 28. Kd3 g5 29. hxg5 hxg5 30. Rfxg5 Rh7 31.
Kd4 Rh4+ 32. Kc3 Rh3+ 33. Kb4 Rh4 34. b3 1-0

[Event "Andorra Open"]
[Site "La Massana AND"]
[Date "2010.07.20"]
[Round "4"]
[White "Gagarin,V"]
[Black "Hamdouchi,H"]
[Result "0-1"]
[WhiteElo "2403"]
[BlackElo "2600"]
[EventDate "2010.07.17"]

1. d4 Nf6 2. Nf3 g6 3. Nbd2 c5 4. dxc5 Qa5 5. a3 Qxc5 6. b4 Qb6 7. Bb2 Bg7
8. e3 O-O 9. Be2 Qc7 10. O-O b6 11. c4 Bb7 12. Qb3 d6 13. Rac1 Nbd7 14.
Rfd1 a6 15. h3 Rac8 16. Nd4 Rfd8 17. Bf3 Ne5 18. Bxb7 Qxb7 19. N2f3 Nxf3+
20. Nxf3 Rd7 21. Rc2 Rdc7 22. Rdc1 h6 23. Bxf6 Bxf6 24. Nd4 Qe4 25. f3 Qb7
26. a4 e5 27. Ne2 e4 28. Nf4 exf3 29. Nd5 Bh4 30. gxf3 Rc6 31. b5 axb5 32.
axb5 Rc5 33. Qd3 Qd7 34. Kh2 Re8 35. Nxb6 Qa7 36. Nd5 Rxd5 37. cxd5 Rxe3
38. Rc8+ Kg7 39. Qc4 Qe7 40. Rc2 Rxf3 41. Re2 Qf6 42. Qe4 Rb3 43. Rc4 Bg3+
44. Kg2 Be5 45. Rf2 Qg5+ 46. Kf1 f5 47. Qc2 Qe3 48. Rc8 Qxh3+ 49. Ke1 Qh1+
50. Rf1 Bg3+ 0-1

[Event "Andorra Open"]
[Site "La Massana AND"]
[Date "2010.07.20"]
[Round "4"]
[White "Spraggett,K"]
[Black "Vernay,C"]
[Result "1-0"]
[WhiteElo "2575"]
[BlackElo "2470"]
[EventDate "2010.07.17"]

1. e4 e6 2. d4 d5 3. Nc3 Nf6 4. Bg5 Bb4 5. e5 h6 6. Bc1 Ne4 7. Qg4 g6 8.
Nge2 c5 9. a3 Ba5 10. dxc5 Qc7 11. Qf4 Nxc3 12. Nxc3 Bxc3+ 13. bxc3 Nd7 14.
Bb5 Qxc5 15. Bxd7+ Bxd7 16. O-O O-O-O 17. Be3 Qxc3 18. Bxa7 g5 19. Qf6 Bb5
20. Rfe1 Qc7 21. Rab1 Qd7 22. Bb6 Rdg8 23. Bd4 g4 24. Rb4 h5 25. Reb1 Bc6
26. a4 Rh7 27. a5 Rg6 28. Qf4 Qc7 29. Rb6 f5 30. Bc5 Kd7 31. Bd6 1-0

[Event "Andorra Open"]
[Site "La Massana AND"]
[Date "2010.07.20"]
[Round "4"]
[White "Kogan,Ar"]
[Black "Delorme,Ax"]
[Result "1/2-1/2"]
[WhiteElo "2541"]
[BlackElo "2455"]
[EventDate "2010.07.17"]

1. e4 e5 2. Nf3 Nc6 3. Nc3 Nf6 4. Bb5 Bb4 5. O-O O-O 6. d3 d6 7. Bg5 Bxc3
8. bxc3 Ne7 9. Nh4 c6 10. Bc4 d5 11. Bb3 Ng6 12. exd5 cxd5 13. Re1 Qd6 14.
Qf3 e4 15. Qg3 Qxg3 16. hxg3 Nxh4 17. gxh4 exd3 18. cxd3 Be6 19. Be3 Rfe8
20. Bd4 Nd7 21. Re3 Bf5 22. Rg3 g6 23. Bc2 b5 24. Rb1 a6 25. a3 1/2-1/2

[Event "Andorra Open"]
[Site "La Massana AND"]
[Date "2010.07.20"]
[Round "4"]
[White "Arizmendi Martinez,J"]
[Black "Paci,C"]
[Result "1/2-1/2"]
[WhiteElo "2532"]
[BlackElo "2361"]
[EventDate "2010.07.17"]

1. d4 d6 2. Nf3 g6 3. e4 Bg7 4. Be2 Nf6 5. Nc3 O-O 6. O-O Nc6 7. d5 Nb8 8.
Re1 e5 9. dxe6 Bxe6 10. Nd4 Bd7 11. Bg5 h6 12. Bh4 Nc6 13. Nxc6 Bxc6 14.
Bb5 Bxb5 15. Nxb5 Qd7 16. c4 Qc6 17. Qd3 Nd7 18. Qb3 Nc5 19. Qc2 Ne6 20.
Rad1 a6 21. Na3 Rfe8 22. b3 b5 23. Qd3 Qc5 24. Nc2 bxc4 25. Qxc4 Qxc4 26.
bxc4 Rab8 27. Rb1 Nc5 28. f3 Na4 29. Bf2 Nc3 30. Rb3 Nxa2 31. Reb1 Rxb3 32.
Rxb3 Nc1 33. Ra3 Rb8 34. Kf1 Rb2 35. Ne1 Nb3 36. Rxa6 Bd4 37. Bxd4 Nxd4 38.
Ra8+ Kg7 39. Ra7 Ne6 40. Nd3 Rc2 41. Ra4 Kf6 42. h4 h5 43. Rb4 Rd2 44. Rb3
Rc2 45. Rb4 g5 46. hxg5+ Kxg5 47. Rb5+ Kg6 48. f4 Nd4 49. Rg5+ Kh6 50. g4
hxg4 51. Nf2 Nf3 52. Nxg4+ Kh7 53. Nf6+ Kh6 54. Ng4+ Kh7 55. Nf6+ 1/2-1/2

[Event "Andorra Open"]
[Site "La Massana AND"]
[Date "2010.07.20"]
[Round "4"]
[White "Berkovich,M"]
[Black "Balogh,C"]
[Result "1/2-1/2"]
[WhiteElo "2397"]
[BlackElo "2628"]
[EventDate "2010.07.17"]

1. Nf3 Nf6 2. g3 d5 3. Bg2 c6 4. O-O Bf5 5. d3 h6 6. c4 e6 7. cxd5 exd5 8.
Nc3 Be7 9. Nd4 Bh7 10. e4 dxe4 11. dxe4 O-O 12. e5 Nfd7 13. f4 Na6 14. Be3
Qc7 15. Qg4 1/2-1/2

[Event "Andorra Open"]
[Site "La Massana AND"]
[Date "2010.07.20"]
[Round "4"]
[White "Paunovic,D"]
[Black "Pavlovic,Milo2"]
[Result "1/2-1/2"]
[WhiteElo "2553"]
[BlackElo "2483"]
[EventDate "2010.07.17"]

1. d4 Nf6 2. Nf3 e6 3. g3 d5 4. Bg2 Be7 5. O-O O-O 6. c4 dxc4 7. Qc2 a6 8.
Qxc4 b5 9. Qc2 Bb7 10. Bg5 Nbd7 11. Bxf6 Nxf6 12. Nbd2 Rc8 13. Nb3 Be4 14.
Qc1 c5 15. dxc5 Qc7 16. Rd1 Bxc5 17. Nxc5 Qxc5 18. Qxc5 Rxc5 1/2-1/2

[Event "Andorra Open"]
[Site "La Massana AND"]
[Date "2010.07.20"]
[Round "4"]
[White "Zilberman,Y"]
[Black "Alsina Leal,D"]
[Result "1-0"]
[WhiteElo "2441"]
[BlackElo "2546"]
[EventDate "2010.07.17"]

1. d4 Nf6 2. Nf3 g6 3. c4 Bg7 4. Nc3 d5 5. e3 O-O 6. b4 Be6 7. c5 b6 8. Bb2
a5 9. a3 axb4 10. axb4 Nc6 11. b5 Na5 12. c6 Ne4 13. Nxe4 dxe4 14. Nd2 Qd5
15. Ra3 f5 16. Qc2 Bf7 17. Be2 Rfd8 18. O-O e5 19. Ra4 exd4 20. exd4 Re8
21. Rfa1 Rad8 22. R1a3 f4 23. Bc3 f3 24. gxf3 Qg5+ 25. Kf1 exf3 26. Nxf3
Qe7 27. Bxa5 bxa5 28. Bc4 Bxc4+ 29. Qxc4+ Kh8 30. Rc3 Qf6 31. Ne5 Rf8 32.
Rf3 Qg5 33. Nf7+ Rxf7 34. Rxf7 Rxd4 35. Rf8+ Bxf8 36. Qxd4+ Bg7 37. Qd3 Be5
38. h4 Qc1+ 39. Kg2 Kg7 40. Rxa5 Qf4 41. b6 cxb6 42. Ra7+ Kh6 43. Qe3 1-0

[Event "Andorra Open"]
[Site "La Massana AND"]
[Date "2010.07.20"]
[Round "4"]
[White "Fierro Baquero,M"]
[Black "Narciso Dublan,M"]
[Result "1/2-1/2"]
[WhiteElo "2372"]
[BlackElo "2540"]
[EventDate "2010.07.17"]

1. e4 c6 2. Ne2 d5 3. e5 d4 4. Ng3 Qd5 5. f4 Nh6 6. c4 Qd7 7. d3 c5 8. Be2
Nc6 9. O-O g6 10. Nd2 Bg7 11. Nde4 b6 12. Bf3 Bb7 13. Ng5 Nd8 14. Bd2 O-O
15. Bxb7 Qxb7 16. b4 f6 17. exf6 exf6 18. N5e4 f5 19. Ng5 Nhf7 20. Nxf7
Nxf7 21. Qa4 Rfc8 22. bxc5 bxc5 23. Rab1 Qc6 24. Qxc6 Rxc6 25. a4 Rb6 26.
a5 Rbb8 27. Rfe1 Bf8 28. Ne2 Bd6 29. Kf2 Kf8 30. Ng1 Rxb1 31. Rxb1 Rb8 32.
Rxb8+ Bxb8 33. Ne2 Nd8 34. Nc1 Ne6 35. Kf3 Ke7 36. Nb3 Bc7 37. Bc1 Kd6 38.
h3 Bd8 39. Ba3 a6 40. g4 Bh4 41. Bc1 Be1 42. gxf5 gxf5 43. Bd2 Bxd2 44.
Nxd2 Nd8 45. Nb3 Nc6 46. Ke2 Nb4 47. Kd2 h5 48. h4 Nc6 49. Ke2 Ne7 50. Kf3
Ng6 51. Kg3 Kc6 52. Nc1 Nf8 53. Kf3 Ng6 54. Kg3 Kb7 55. Nb3 Kc6 56. Nc1 Nf8
57. Kf3 1/2-1/2

[Event "Andorra Open"]
[Site "La Massana AND"]
[Date "2010.07.20"]
[Round "4"]
[White "Mogranzini,R"]
[Black "De la Riva Aguado,O"]
[Result "1/2-1/2"]
[WhiteElo "2387"]
[BlackElo "2532"]
[EventDate "2010.07.17"]

1. c4 f5 2. g3 Nf6 3. Bg2 d6 4. Nc3 e5 5. d4 Be7 6. dxe5 dxe5 7. Qxd8+ Bxd8
8. b3 c6 9. Bb2 Na6 10. Nf3 e4 11. Nd4 O-O 12. O-O Ng4 13. Bh3 Bf6 14. Rad1
h5 15. Nc2 Re8 16. f3 exf3 17. exf3 Ne5 18. f4 Nf7 19. Bg2 Be6 20. Bf3 g6
21. Na4 Kg7 22. Rfe1 Rad8 23. Rxd8 1/2-1/2

[Event "Andorra Open"]
[Site "La Massana AND"]
[Date "2010.07.20"]
[Round "4"]
[White "Gonzalez Vidal,Y"]
[Black "Benitah,Y"]
[Result "1-0"]
[WhiteElo "2522"]
[BlackElo "2382"]
[EventDate "2010.07.17"]

1. d4 d5 2. c4 c6 3. Nc3 Nf6 4. Nf3 dxc4 5. a4 Bf5 6. Ne5 e6 7. f3 Bb4 8.
e4 Bxe4 9. fxe4 Nxe4 10. Bd2 Qxd4 11. Nxe4 Qxe4+ 12. Qe2 Bxd2+ 13. Kxd2
Qd5+ 14. Kc2 Na6 15. Nxc4 O-O 16. Qe5 Rad8 17. Be2 f6 18. Qxd5 cxd5 19. Na5
Rc8+ 20. Kb1 Nc5 21. Rc1 b6 22. b4 Ne4 23. Nc6 Rc7 24. Kb2 Nd6 25. a5 bxa5
26. Rxa5 Nc4+ 27. Rxc4 dxc4 28. b5 c3+ 29. Kxc3 Rfc8 30. Bf3 Rd7 31. Be2
Rcc7 32. Bc4 Kf7 33. Ra6 Rd6 34. Kb4 g6 35. Ra2 Rdd7 36. Re2 Rd6 37. Bxe6+
Kg7 38. Kc5 1-0

[Event "Andorra Open"]
[Site "La Massana AND"]
[Date "2010.07.20"]
[Round "4"]
[White "Cori,J"]
[Black "Vehi Bach,V"]
[Result "1-0"]
[WhiteElo "2486"]
[BlackElo "2405"]
[EventDate "2010.07.17"]

1. d4 Nf6 2. Nf3 e6 3. e3 b6 4. Bd3 Bb7 5. O-O d5 6. b3 Bd6 7. Bb2 O-O 8.
Ne5 Nbd7 9. Nd2 Qe7 10. f4 Ne4 11. a4 f6 12. Nxd7 Qxd7 13. Bxe4 dxe4 14. a5
Rad8 15. Qe2 Bb4 16. Nc4 Bd5 17. Ba3 Bxc4 18. Qxc4 Bxa3 19. Rxa3 b5 20. Qc5
a6 21. b4 Qd6 22. Rc3 Rc8 23. f5 Rfe8 24. fxe6 Qxe6 25. Qc6 Qd6 26. Rc5 Re6
27. Qb7 Qd8 28. Rff5 c6 29. Rfd5 Qc7 30. Qxc7 Rxc7 31. Rd8+ Kf7 32. Ra8 Re8
33. Rxa6 Rec8 34. Rb6 1-0